Estatísticas para 136 cidades mais populosas de São Paulo

Clique aqui para jogar o quiz

Estatísticas Gerais

  • Esse quiz foi jogado 6 310 vezes
    (4 316 desde o último reset)
  • A pontuação média é 70 de 136

Estatísticas das Respostas

Nº de HabitantesIniciaisCidade% Correto
12 106 920SPSão Paulo
99%
1 182 429CCampinas
95%
1 349 113GGuarulhos
95%
827 437SBCSão Bernardo do Campo
93%
715 231SASanto André
91%
697 886OOsasco
90%
682 309RPrRibeirão Preto
90%
434 742SSantos
90%
446 649SJRPSão José do Rio Preto
90%
703 219SJCSão José dos Campos
90%
417 869DDiadema
83%
659 871SSorocaba
83%
409 497JJundiaí
80%
369 368BBauru
75%
233 639MMarília
75%
158 825SCSSão Caetano do Sul
75%
357 989SVSão Vicente
75%
168 643IItu
74%
433 901MdCMogi das Cruzes
73%
397 322PPiracicaba
73%
313 421GGuarujá
72%
225 271PPPresidente Prudente
72%
298 701LLimeira
71%
305 174TTaubaté
71%
304 705PGPraia Grande
70%
344 704FFranca
69%
243 765SCSão Carlos
68%
264 935BBarueri
67%
462 005MMauá
67%
87 364UUbatuba
66%
228 664AAraraquara
65%
91 929MMMogi Mirim
65%
231 621AAmericana
64%
201 473RCRio Claro
63%
121 130RPiRibeirão Pires
62%
162 435BPBragança Paulista
61%
264 448EdAEmbu das Artes
61%
288 056SSuzano
61%
275 948TdSTaboão da Serra
60%
235 367IIndaiatuba
59%
191 024SBd'OSanta Barbara d'Oeste
59%
122 163VValinhos
59%
356 774IItaquaquecetuba
58%
51 157CdJCampos do Jordão
57%
115 071CCaraguatatuba
57%
148 327MGMogi Guaçu
57%
193 828AAraçatuba
56%
119 948BBarretos
56%
219 039HHortolândia
56%
144 828JJaú
56%
89 564SJBVSão João da Boa Vista
56%
396 587CCarapicuíba
55%
141 032BBotucatu
54%
111 056OOurinhos
54%
138 449AAtibaia
53%
162 327PPindamonhangaba
53%
233 696CCotia
51%
127 887CCubatão
51%
147 650FdRFranco da Rocha
51%
119 753GGuaratinguetá
51%
84 294SSSão Sebastião
51%
269 522SSumaré
51%
130 102AAraras
50%
186 808FdVFerraz de Vasconcelos
50%
76 562LLins
50%
57 942BBertioga
49%
169 942FMFrancisco Morato
49%
228 214JJacareí
49%
73 855VVinhedo
49%
226 488IItapevi
48%
87 584LLorena
48%
102 268AAssis
47%
97 439IItanhaém
47%
114 650PPoá
47%
87 506SRSão Roque
47%
92 032VVotuporanga
47%
169 103IdSItapecerica da Serra
45%
115 193SSalto
45%
54 563SJRPSão José do Rio Pardo
44%
118 858VVotorantim
44%
120 177JJandira
43%
56 356RRegistro
43%
117 823TTatuí
43%
100 296LLeme
42%
65 907PPeruíbe
42%
121 412SSertãozinho
42%
120 536BBiriguí
41%
120 092CCatanduva
41%
67 788EGEmbu-Guaçu
41%
93 981MMairiporã
41%
58 314MMirassol
41%
100 128PPaulínia
41%
115 005SdPSantana de Parnaíba
41%
158 561IItapetininga
40%
75 035PPirassununga
40%
53 702OOlímpia
39%
117 772VPVárzea Paulista
39%
85 199AArujá
38%
68 399FFernandópolis
38%
76 562JJaboticabal
38%
88 938AAvaré
37%
97 016CCaieiras
37%
97 145IItapeva
37%
137 236IItatiba
37%
55 596IItupeva
37%
81 878MMatão
37%
53 384MMongaguá
37%
57 504NONova Odessa
37%
52 221PFPorto Feliz
37%
77 695BBebedouro
36%
72 875CCajamar
36%
81 693CLPCampo Limpo Paulista
36%
81 406CCruzeiro
36%
57 300AAndradina
35%
61 040BBatatais
35%
66 664LPLençóis Paulista
35%
53 069JJaguariúna
34%
55 100PFPorto Ferreira
34%
91 883CCaçapava
33%
62 409PPenápolis
32%
70 742AAmparo
31%
68 897MMococa
31%
65 705TTupã
31%
56 335MMMonte Mor
30%
55 476SISanta Isabel
30%
56 830BBoituva
28%
77 005IIbiúna
28%
53 731CCapivari
27%
51 126ANArtur Nogueira
26%
50 520SJBSão Joaquim da Barra
26%
50 243IItararé
25%
67 960CCosmópolis
24%
73 410IItapira
24%
58 188IIbitinga
22%
56 771TTaquaritinga
22%
54 907PPiedade
21%

Distribuição das Pontuações

Percentil de Números Respondidos

Porcentagem de Pessoas com Cada Pontuação

Sua Pontuação Histórica

Você não jogou esse quiz desde o último reset